000 03010cam a2200313 4500500
005 20260111114729.0
041 _afre
042 _adc
100 1 0 _aRueff-Escoubès, Claire
_eauthor
245 0 0 _aLe psychologique et l'institutionnel : une intervention sociopsychanalytique dans un service de pédiatrie
260 _c2006.
500 _a46
520 _aRésuméL’intervention sociopsychanalytique présentée s’inscrit dans le cadre d’une théorie de l’institution créée par Gérard Mendel et appliquée par ses équipes depuis plus de trente ans dans un vaste ensemble du champ social. En cours de réalisation dans un service de pédiatrie depuis une année, elle permet d’illustrer les bases conceptuelles, méthodologiques et pratiques de cette théorie. Le dispositif institutionnel installé concerne l’ensemble des personnels du service qui s’expriment en groupes homogènes de métiers sur l’acte de travail et communiquent entre eux par la médiation d’écrits, hiérarchie comprise. Cette intervention en milieu hospitalier a privilégié un axe spécifique : celui de différencier et d’articuler la dimension du psychologique, portée par chacun des participants (dimension émotionnelle particulièrement présente chez les soignants d’enfants), et celle de l’institutionnel qui traverse et construit toute situation professionnelle.
520 _aThis sociopsychanalytique intervention is based on Gérard Mendel theoretical approach of organizations, followed by his team for more than 30 years in very diverse organizations. Being held for one year in a pediatric department, this intervention enables an illustration of the conceptual, methodological and practical bases of this theory. The setting involves all the department staff who divided in homogenous group, according to their profession and to their hierarchical level. They express themselves on their work and extend their points of view only through written reports. This intervention has favored a major aim : differentiate and articulate the psychological dimension which each correspondent bears (emotional dimension specially strong among the children therapists) and the institutional dimension which crosses and organizes all professional situations.
690 _acadre contenant
690 _acommunication médiatisée
690 _adispositif institutionnel
690 _aexpression d'émotions douloureuses
690 _agroupes homogènes de métier
690 _apsychofamilial et psychosocial
690 _acontaining setting
690 _aexpression of painful emotions
690 _ahomogeneous work groups
690 _ainstitutional setting
690 _amediatised communication
690 _apsychofamilial and psychosocial
786 0 _nNouvelle revue de psychosociologie | 1 | 1 | 2006-07-01 | p. 149-164 | 1951-9532
856 4 1 _uhttps://shs.cairn.info/revue-nouvelle-revue-de-psychosociologie-2006-1-page-149?lang=fr&redirect-ssocas=7080
999 _c1633456
_d1633456